| 000 | 00982cam a2200361 c 4500 | ||
|---|---|---|---|
| 001 | a50238 | ||
| 003 | DO-SdBNP | ||
| 005 | 20171116133150.0 | ||
| 007 | a50238 | ||
| 008 | 110330s2008 mx a | |||| 000 0 spa | ||
| 015 | _a | ||
| 017 |
_a _b |
||
| 020 | _a9789707702110 | ||
| 035 | _a | ||
| 040 |
_aBPMSU _bspa _cBPMSU _e |
||
| 080 | _a | ||
| 080 | _a | ||
| 082 | 4 |
_aPe863.44 _bV297ci |
|
| 100 | 1 |
_aVargas Llosa, Mario, _d 1936-. |
|
| 245 | 1 | 3 |
_aLa ciudad y los perros / _h _b _cMario Vargas Llosa |
| 246 | 0 |
_i _a |
|
| 260 |
_aMéxico : _bAlfaguara, _c2008 |
||
| 300 |
_a483 p. : _b _c24 cm |
||
| 490 | 0 |
_aBiblioteca Mario Vargas Llosa _v |
|
| 500 | _3Incluye datos biográficos del autor en la solapa. | ||
| 600 | 1 | 7 | _2 |
| 650 | _aNOVELA PERUANA | ||
| 650 | _aLITERATURA PERUANA | ||
| 830 |
_a Biblioteca Mario Vargas Llosa _v |
||
| 942 |
_2ddc _cBK |
||
| 945 | _a Inventariado extranjero / 2017 VM | ||
| 956 |
_aVMATEO _d10 _f20160707 _hBPMSU _i00069 |
||
| 999 |
_c10767 _d10767 |
||